Statistics for Top 50 Countries with the most Orthodox

Click here to take the quiz!

General Stats

  • This quiz has been taken 51 times
    (49 since last reset)
  • The average score is 42 of 50

Answer Stats

PopulationCountry% Correct
27,802,000-34,850,000Ukraine
100%
475,000United Kingdom
100%
1,043,850United States of America
100%
7,788,254Greece
98%
101,450,000-104,000,000Russia
98%
6,079,395Serbia
98%
550,690Canada
96%
195,969Croatia
96%
1,500,000Spain
96%
3,097,312Georgia
94%
3,000,000Germany
94%
504,400Poland
94%
16,321,389Romania
94%
148,992Albania
91%
9,380,749Belarus
91%
370,000Latvia
91%
125,189Lithuania
91%
509,749Montenegro
91%
49,133Slovakia
91%
45,000Slovenia
91%
900,000Italy
89%
1,086,733Bosnia and Herzegovina
87%
4,374,135Bulgaria
87%
176,773Estonia
87%
3,158,015Moldova
87%
500,000Austria
85%
500,000-700,000France
85%
1,610,184North Macedonia
85%
563,100Australia
83%
135,000Brazil
83%
350,000Egypt
83%
25,837Kosovo
83%
145,279Sweden
83%
20,553Czech Republic
81%
70,000Finland
79%
240,000Azerbaijan
77%
781,900Cyprus
77%
21,993Norway
77%
100,000Israel
72%
4,300,000Kazakhstan
72%
140,000Switzerland
72%
270,000Turkmenistan
72%
1,000,000Uzbekistan
72%
330,000Lebanon
70%
160,000Tajikistan
70%
20,000Japan
68%
700,000Syria
68%
1,000,000Kyrgyzstan
66%
150,000-350,000Jordan
60%
200,000-550,000Guatemala
13%

Score Distribution

Percentile by Number Answered

Percent of People with Each Score

Your Score History

You have not taken this quiz since the last reset